Σύγχρονο γερμανο-ελληνικό και ελληνο-γερμανικό λεξικό
Αποθηκεύτηκε σε:
| Κύριος συγγραφέας: | |
|---|---|
| Άλλοι συγγραφείς: | |
| Μορφή: | Βιβλίο |
| Γλώσσα: | German Greek |
| Δημοσίευση: |
Αθήνα :
Ελληνοεκδοτική-Ολυμπία,
c1995, c2001.
|
| Έκδοση: | 2η έκδ., συμπληρωμένη. |
| Θέματα: | |
| Ετικέτες: |
Προσθήκη ετικέτας
Δεν υπάρχουν, Καταχωρήστε ετικέτα πρώτοι!
|
MARC
| LEADER | 00000cam a2200000 i 4500 | ||
|---|---|---|---|
| 001 | 1/19713 | ||
| 008 | 970416s19952001gr | ||| |||| ||ger|| | ||
| 020 | |a 9607650875 | ||
| 035 | |l 10021374 | ||
| 040 | |a GR-MyUA |b gre |e AACR2 | ||
| 041 | 0 | |a ger |a gre | |
| 082 | 0 | |a 433.89 | |
| 100 | 1 | |a Αγγελίδου, Μαρία. | |
| 245 | 1 | 0 | |a Σύγχρονο γερμανο-ελληνικό και ελληνο-γερμανικό λεξικό / |c Μαρία Αγγελίδου, Ελευθερια Πανοπούλου. |
| 250 | |a 2η έκδ., συμπληρωμένη. | ||
| 260 | |a Αθήνα : |b Ελληνοεκδοτική-Ολυμπία, |c c1995, c2001. | ||
| 300 | |a 726 σ. ; |c 17 εκ. | ||
| 500 | |a Το Παράρτημα Σάμου διαθέτει την έκδοση του 2001. | ||
| 650 | 0 | 0 | |a German language |x Dictionaries |x Greek, Modern. |
| 650 | 0 | 0 | |a Greek language |x Dictionaries |x German. |
| 700 | 1 | |a Πανοπούλου, Ελευθερία, |e aut [Συγγραφέας] | |
| 852 | |a INST |b CHIOS |e 19970416 |h 433.89 ΑΓΓ |p 005200010611 |q 005200010611 |t REF |y 23 | ||
| 852 | |a INST |b SAMOS |e 20200713 |h 433.89 ΑΓΓ |p 005300046527 |q 005300046527 |t REF |y 23 | ||
| 909 | |a Χ |b 050016 | ||